000 00455nam a2200181Ia 4500
001 9310
005 20260306161709.0
008 260306t2015||||xx |||||||||||||| ||spa||
041 _aESP
082 _a378.1
_bF77
100 _aFoss, Lene
_eAUT
245 4 _aThe entrepreneurial university:
_bcontext and institutional change
260 _c2015
300 _axxv, 285 páginas :
_c24 cm.
650 _aGEN
654 _aCHU
942 _cLIB
_dJUS
_fJUS
_2ddc
_n
999 _c9310
_d9310